Top 10 polskich graczy osu! - Statystyki

Ogólne statystyki
  • Ten quiz został rozwiązany 67 razy
    34 od ostatniego zresetowania
  • Średni wynik to 5 z 10
Statystyki odpowiedzi
Miejsce globalne Odpowiedź % Poprawnych
#24 Rafis
100%
#13 maliszewski
91%
#21 gnahus
81%
#48 Mastasz
59%
#85 Vamhi
56%
#138 Bartek22830
50%
#227 MAREK MARUCHA
34%
#274 Wakson
25%
#161 dejiz
19%
#219 meowioos
19%
Nie znaleziono quizów pasujących do podanych kryteriów
Rozkład punktacji
Procent ludzi z każdym wynikiem
Percentyl według liczby udzielonych odpowiedzi
Twoja historia wyników
Nie rozwiązałeś tego quizu od ostatniego zresetowania